Catálogo
 En Linea

Bibliografía general de la isla de Santo Domingo : (Registro nro. 50874)

Detalles MARC
000 -CABECERA
campo de control de longitud fija 00978nam a22002657a 4500
003 - IDENTIFICADOR DEL NÚMERO DE CONTROL
campo de control DO-SdBNP
005 - FECHA Y HORA DE LA ÚLTIMA TRANSACCIÓN
campo de control 20211104125531.0
007 - CAMPO FIJO DE DESCRIPCIÓN FÍSICA--INFORMACIÓN GENERAL
campo de control de longitud fija ta
008 - DATOS DE LONGITUD FIJA--INFORMACIÓN GENERAL
campo de control de longitud fija 211104b2007 a|o|d |||| 001 0 spa d
020 ## - NÚMERO INTERNACIONAL ESTÁNDAR DEL LIBRO
Número Internacional Estándar del Libro 9945170163
040 ## - FUENTE DE LA CATALOGACIÓN
Centro catalogador/agencia de origen DO-SdBNP
Lengua de catalogación spa
Centro/agencia transcriptor BNPHU
082 4# - NÚMERO DE LA CLASIFICACIÓN DECIMAL DEWEY
Número de edición 22
Número de documento/Ítem P433b
Número de clasificación 015.97293
100 1# - ENTRADA PRINCIPAL--NOMBRE DE PERSONA
Nombre de persona Perdomo, Dato Pagán
9 (RLIN) 80489
245 10 - MENCIÓN DE TÍTULO
Título Bibliografía general de la isla de Santo Domingo :
Resto del título contribución a su estudio /
Mención de responsabilidad, etc. Dato Pagán Perdomo
260 ## - PUBLICACIÓN, DISTRIBUCIÓN, ETC.
Lugar de publicación, distribución, etc. Santo Domingo :
Nombre del editor, distribuidor, etc. Alfa & Omega
Fecha de publicación, distribución, etc. 1979.
300 ## - DESCRIPCIÓN FÍSICA
Extensión 560 p. :
Otras características físicas il.;
Dimensiones 25 cm
490 ## - MENCIÓN DE SERIE
Mención de serie Científica ; (Universidad Nacional del Este), IX, (9)
Designación de volumen o secuencia v.1
500 ## - NOTA GENERAL
Nota general Incluye índice de Autores, Titulos y Materias.
504 ## - NOTA DE BIBLIOGRAFÍA, ETC.
Nota de bibliografía, etc. Incluye datos biográficos del autor, en la contraportada del libro.
590 ## - NOTA LOCAL (RLIN)
Nota local Inventariado, 2021 / SA
650 40 - PUNTO DE ACCESO ADICIONAL DE MATERIA--TÉRMINO DE MATERIA
Término de materia o nombre geográfico como elemento de entrada Bibliografía
Subdivisión general Hispaniola
9 (RLIN) 80490
650 40 - PUNTO DE ACCESO ADICIONAL DE MATERIA--TÉRMINO DE MATERIA
Término de materia o nombre geográfico como elemento de entrada Hispaniola
Subdivisión cronológica República Dominicana
9 (RLIN) 80491
650 4# - PUNTO DE ACCESO ADICIONAL DE MATERIA--TÉRMINO DE MATERIA
Término de materia o nombre geográfico como elemento de entrada Bibliografía dominicana
9 (RLIN) 30479
942 ## - ELEMENTOS DE PUNTO DE ACCESO ADICIONAL (KOHA)
Fuente del sistema de clasificación o colocación Dewey Decimal Classification
Tipo de ítem Koha Libro
Existencias
Estado de retiro Estado de pérdida Fuente del sistema de clasificación o colocación Restricciones de uso No para préstamo Código de colección Localización permanente Ubicación/localización actual Ubicación en estantería Fecha de adquisición Fuente de adquisición Total de préstamos Signatura topográfica completa Código de barras Fecha visto por última vez Número de copia Precio válido a partir de Tipo de ítem Koha Nota pública
    Dewey Decimal Classification Excluido de préstamo   Monografías: Libros y Folletos Biblioteca Nacional Pedro Henríquez Ureña Patrimonio Dominicano En catalogación 04.11.2021 Donado   BNPHU PD 015.97293 P433b 202127812 04.11.2021 v.1 04.11.2021 Libro S/A

Con tecnología Koha